000 00542nam a2200181Ia 4500
008 090123s9999 xx 000 0 und d
082 _b3779
_a891.463/कानिट
100 _aकानिटकर माधव
245 _aअकस्मात
250 _a1
260 _bविशाखा प्रकाशन
_c1974
300 _a98
600 _aकानिटकर माधव
630 _aअकस्मात
700 _aकानिटकर माधव
730 _aअकस्मात
942 _cBOOK
999 _c41855
_d41855